Φύλο και κοινωνικές επιστήμες στη σύγχρονη Ελλάδα

Αποθηκεύτηκε σε:
Λεπτομέρειες βιβλιογραφικής εγγραφής
Άλλοι συγγραφείς: Καντσά, Βενετία (edtf), Γαλανή-Μουτάφη, Βασιλική (edtf), Παπαταξιάρχης, Eυθύμιος, 1954- (Επιμελητής έκδοσης)
Μορφή: Βιβλίο
Γλώσσα:Greek
Δημοσίευση: Αθήνα : Αλεξάνδρεια, 2010.
Σειρά:Ανθρωπολογία (Αλεξάνδρεια)
Θέματα:
Ετικέτες: Προσθήκη ετικέτας
Δεν υπάρχουν, Καταχωρήστε ετικέτα πρώτοι!

MARC

LEADER 00000cam a2200000 i 4500
001 1/13458
008 110603s2010 gr | ||| |||| ||gre||
020 |a 9789602214763 
035 |l 10110206 
040 |a GR-MY-UA  |b gre  |e aacr 
041 0 |a gre 
082 7 |a 305.409495   |2 (22) 
245 1 0 |a Φύλο και κοινωνικές επιστήμες στη σύγχρονη Ελλάδα /   |c επιμέλεια: Βενετία Καντσά, Βασιλική Μουτάφη, Ευθύμιος Παπαταξιάρχης. 
260 |a Αθήνα :   |b Αλεξάνδρεια,   |c 2010. 
300 |a 273 σ. ;   |c 24 εκ. 
490 1 |a (Ανθρωπολογία / Αλεξάνδρεια) 
504 |a Περιλαμβάνει βιβλιογραφικές παραπομπές. 
650 0 0 |a Gender identity. 
650 0 0 |a Gender identity  |z Greece. 
650 0 0 |a Women's studies  |z Greece. 
650 0 0 |a Women  |z Greece  |x Social conditions. 
700 1 |a Καντσά, Βενετία,  |e edtf 
700 1 |a Γαλανή-Μουτάφη, Βασιλική,  |e edtf 
700 1 |a Παπαταξιάρχης, Eυθύμιος,   |d 1954-  |e edt 
830 0 |a Ανθρωπολογία (Αλεξάνδρεια) 
852 |a INST  |b LESVOS  |e 20110603  |h 305.409495 ΦΥΛ  |p 005100048954  |q 005100048954  |t BK  |y 0 
852 |a INST  |b LESVOS  |c EUDOXUS  |e 20130531  |h 305.409495 ΦΥΛ  |p 005100052503  |q 005100052503  |t EDX  |y 0 
852 |a INST  |b LESVOS  |c EUDOXUS  |e 20130531  |h 305.409495 ΦΥΛ  |p 005100052504  |q 005100052504  |t EDX  |y 0 
852 |a INST  |b LESVOS  |c EUDOXUS  |e 20130531  |h 305.409495 ΦΥΛ  |p 005100052505  |q 005100052505  |t EDX  |y 0 
852 |a INST  |b LESVOS  |c EUDOXUS  |e 20230120  |h 305.409495 ΦΥΛ  |p 005100064847  |q 005100064847  |t EDX  |y 0 
852 |a INST  |b RHODES  |e 20230531  |h 305.409495 ΦΥΛ  |p 005400043609  |q 005400043609  |t BK  |y 0 
901 |a BIBL1-2011-2 
901 |a BIBL1-2013-2 
909 |a Λ  |b 168022 
909 |a Λ  |b 179147 
909 |a Λ  |b 179146 
909 |a Λ  |b 179148 
920 |a ΕΥΔΟΞΟΣ  |b ΠΑΡΑΓΓΕΛΙΑ  |y Λέσβος-ΤΚΑΙ  |z 2013-04 
920 |a Εύδοξος  |b Παραγγελία   |y Λέσβος-ΤΚΑΙ  |z 2023-01 
970 |a ΤΖΑΦΕΡΗ  |b ΕΥΑΓΓΕΛΙΑ  |z 2011/06/03